Química orgánica

Guardat en:
Dades bibliogràfiques
Autors principals: Hart, Harold (Autor), Hart, David J (Autor), Craine, Leslie E (Autor)
Format: Llibre
Idioma:espanyol
Publicat: Ciudad de México McGraw-Hill 1995
Edició:1a. ed
Matèries:
Etiquetes: Afegir etiqueta
Sense etiquetes, Sigues el primer a etiquetar aquest registre!

MARC

LEADER 00000nam a2200000 a 4500
001 UCZ4855
003 CL-VaPUC
005 20241206132049.0
008 951115e19950000MX |||||||||||||||||spa|d
999 |c 241218  |d 241216 
020 |a 9701006100 
040 |c Pontificia Universidad Católica de Valparaíso 
082 0 4 |a 547  |b HAR  |2 21 
100 |a Hart, Harold  |e author  |9 471772 
245 1 0 |a Química orgánica 
250 |a 1a. ed 
260 |a Ciudad de México  |b McGraw-Hill  |c 1995 
300 |a 578 p 
583 |a last modification  |c 20171031 11:00:14  |k Rodrigo Vera 
650 0 |a Química orgánica   |9 259426 
650 7 |a Isomería  |2 CL-VaPUC  |9 348841 
650 7 |a Compuestos químicos  |2 CL-VaPUC  |9 306788 
650 0 |a Alcoholes   |x Éteres  |9 257199 
650 0 |a Polímeros  |x Carbohidratos  |x Péptidos  |x Proteínas   |9 344389 
700 0 |a Hart, David J  |e author  |9 348839 
700 0 |a Craine, Leslie E  |e author  |9 348840 
942 |c BK  |2 ddc 
945 |d 19951115 00:00:00  |a rbrito 
952 |0 0  |1 0  |4 0  |6 547_000000000000000_HAR_1995  |7 0  |8 A  |9 253410  |a BIBCUR  |b BIBCUR  |d 2019-11-19  |i 3149218  |l 1  |o 547 HAR 1995  |p 3149218  |r 2025-04-22  |s 2024-10-17  |w 2019-11-19  |y BK  |k QUI 
952 |0 0  |1 0  |4 0  |6 547_000000000000000_HAR_1995  |7 0  |8 A  |9 253411  |a BIBCUR  |b BIBCUR  |d 2019-11-19  |i 3149226  |o 547 HAR 1995  |p 3149226  |r 2025-04-22  |w 2019-11-19  |y BK  |k QUI 
952 |0 0  |1 0  |4 0  |6 547_000000000000000_HAR_1995  |7 0  |8 A  |9 253412  |a BIBCUR  |b BIBCUR  |d 2019-11-19  |i 3149234  |o 547 HAR 1995  |p 3149234  |r 2025-04-22  |w 2019-11-19  |y BK  |k QUI 
952 |0 0  |1 0  |4 0  |6 547_000000000000000_HAR_1995  |7 0  |8 A  |9 253413  |a BIBCUR  |b BIBCUR  |d 2019-11-19  |i 3149242  |o 547 HAR 1995  |p 3149242  |r 2025-04-22  |w 2019-11-19  |y BK  |k QUI 
952 |0 0  |1 0  |4 0  |6 547_000000000000000_HAR_1995  |7 0  |8 A  |9 253414  |a BIBCUR  |b BIBCUR  |d 2019-11-19  |i 3149269  |o 547 HAR 1995  |p 3149269  |r 2025-04-22  |w 2019-11-19  |y BK  |k QUI 
952 |0 0  |1 0  |4 0  |6 547_000000000000000_HAR_1995  |7 0  |8 A  |9 253415  |a BIBCUR  |b BIBCUR  |d 2019-11-19  |i 3149293  |o 547 HAR 1995  |p 3149293  |r 2025-04-22  |w 2019-11-19  |y BK  |k QUI 
952 |0 0  |1 0  |4 0  |6 547_000000000000000_HAR_1995  |7 0  |8 A  |9 253416  |a BIBCUR  |b BIBCUR  |d 2019-11-19  |i 3149307  |o 547 HAR 1995  |p 3149307  |r 2025-04-22  |w 2019-11-19  |y BK  |k QUI 
952 |0 0  |1 0  |4 0  |6 547_000000000000000_HAR_1995  |7 0  |8 A  |9 253417  |a BIBCUR  |b BIBCUR  |d 2019-11-19  |i 3149315  |o 547 HAR 1995  |p 3149315  |r 2025-04-22  |w 2019-11-19  |y BK  |k QUI 
952 |0 0  |1 0  |4 0  |6 547_000000000000000_HAR_1995  |7 0  |8 A  |9 253418  |a BIBCUR  |b BIBCUR  |d 2019-11-19  |i 3149323  |o 547 HAR 1995  |p 3149323  |r 2025-04-22  |w 2019-11-19  |y BK  |k QUI 
952 |0 0  |1 0  |4 0  |6 547_000000000000000_HAR_1995  |7 0  |8 A  |9 253419  |a BIBCUR  |b BIBCUR  |d 2019-11-19  |i 3149331  |o 547 HAR 1995  |p 3149331  |r 2025-04-22  |w 2019-11-19  |y BK  |k QUI 
952 |0 0  |1 0  |4 0  |6 547_000000000000000_HAR_1995  |7 0  |8 A  |9 253420  |a BIBCUR  |b BIBCUR  |d 2019-11-19  |i 3149358  |o 547 HAR 1995  |p 3149358  |r 2025-04-22  |w 2019-11-19  |y BK  |k QUI 
952 |0 0  |1 0  |4 0  |6 547_000000000000000_HAR_1995  |7 0  |8 A  |9 253421  |a BIBCUR  |b BIBCUR  |d 2019-11-19  |i 3149366  |o 547 HAR 1995  |p 3149366  |r 2025-04-22  |w 2019-11-19  |y BK  |k QUI 
952 |0 0  |1 0  |4 0  |6 547_000000000000000_HAR_1995  |7 0  |8 A  |9 253422  |a BIBCUR  |b BIBCUR  |d 2019-11-19  |i 3184021  |o 547 HAR 1995  |p 3184021  |r 2025-04-22  |w 2019-11-19  |y BK  |k BCB 
952 |0 0  |1 0  |4 0  |6 547_000000000000000_HAR_1995  |7 0  |8 A  |9 253423  |a BIBCUR  |b BIBCUR  |d 2019-11-19  |i 318403K  |o 547 HAR 1995  |p 318403K  |r 2025-04-22  |w 2019-11-19  |y BK  |k BCB 
952 |0 0  |1 0  |4 0  |6 547_000000000000000_HAR_1995  |7 0  |8 A  |9 253424  |a BIBCUR  |b BIBCUR  |d 2019-11-19  |i 3184048  |l 5  |o 547 HAR 1995  |p 3184048  |r 2025-04-22  |s 2022-08-30  |w 2019-11-19  |y BK  |k BCB 
952 |0 0  |1 0  |4 0  |6 547_000000000000000_HAR_1995  |7 0  |8 A  |9 253425  |a BIBCUR  |b BIBCUR  |d 2019-11-19  |i 3184056  |o 547 HAR 1995  |p 3184056  |r 2025-04-22  |w 2019-11-19  |y BK  |k BCB 
952 |0 0  |1 0  |4 0  |6 547_000000000000000_HAR_1995  |7 0  |8 A  |9 253426  |a BIBCUR  |b BIBCUR  |d 2019-11-19  |i 3184064  |l 1  |o 547 HAR 1995  |p 3184064  |r 2025-04-22  |s 2023-11-28  |w 2019-11-19  |y BK  |k BCB 
952 |0 0  |1 0  |4 0  |6 547_000000000000000_HAR_1995  |7 0  |8 A  |9 253427  |a BIBCUR  |b BIBCUR  |d 2019-11-19  |i 3184072  |o 547 HAR 1995  |p 3184072  |r 2025-04-22  |w 2019-11-19  |y BK  |k BCB 
952 |0 0  |1 0  |4 0  |6 547_000000000000000_HAR_1995  |7 0  |8 A  |9 253428  |a BIBCUR  |b BIBCUR  |d 2019-11-19  |i 3184080  |o 547 HAR 1995  |p 3184080  |r 2025-04-22  |w 2019-11-19  |y BK  |k BCB 
952 |0 0  |1 0  |4 0  |6 547_000000000000000_HAR_1995  |7 0  |8 A  |9 253429  |a BIBCUR  |b BIBCUR  |d 2019-11-19  |i 3184099  |o 547 HAR 1995  |p 3184099  |r 2025-04-22  |w 2019-11-19  |y BK  |k BCB 
952 |0 0  |1 0  |4 0  |6 547_000000000000000_HAR_1995  |7 0  |8 A  |9 253430  |a BIBCUR  |b BIBCUR  |d 2019-11-19  |i 3325458  |l 2  |m 2  |o 547 HAR 1995  |p 3325458  |r 2025-04-22  |s 2023-10-26  |w 2019-11-19  |y BK  |k BCB 
952 |0 0  |1 0  |4 0  |6 547_000000000000000_HAR_1995  |7 0  |8 A  |9 253431  |a BIBCUR  |b BIBCUR  |d 2019-11-19  |i 3325466  |o 547 HAR 1995  |p 3325466  |r 2025-04-22  |w 2019-11-19  |y BK  |k BCB 
952 |0 0  |1 0  |4 0  |6 547_000000000000000_HAR_1995  |7 0  |8 A  |9 253432  |a BIBCUR  |b BIBCUR  |d 2019-11-19  |i 3325474  |o 547 HAR 1995  |p 3325474  |r 2025-04-22  |w 2019-11-19  |y BK  |k BCB 
952 |0 0  |1 0  |4 0  |6 547_000000000000000_HAR_1995  |7 0  |8 A  |9 253433  |a BIBCUR  |b BIBCUR  |d 2019-11-19  |i 3325482  |o 547 HAR 1995  |p 3325482  |r 2025-04-22  |w 2019-11-19  |y BK  |k BCB 
952 |0 0  |1 0  |4 0  |6 547_000000000000000_HAR_1995  |7 0  |8 A  |9 253434  |a BIBCUR  |b BIBCUR  |d 2019-11-19  |i 3325490  |o 547 HAR 1995  |p 3325490  |r 2025-04-22  |w 2019-11-19  |y BK  |k BCB 
952 |0 0  |1 0  |4 0  |6 547_000000000000000_HAR_1995  |7 0  |8 A  |9 253435  |a BIBCUR  |b BIBCUR  |d 2019-11-19  |i 3325504  |o 547 HAR 1995  |p 3325504  |r 2025-04-22  |w 2019-11-19  |y BK  |k BCB 
952 |0 0  |1 0  |4 0  |6 547_000000000000000_HAR_1995  |7 0  |8 A  |9 253436  |a BIBCUR  |b BIBCUR  |d 2019-11-19  |i 3325512  |o 547 HAR 1995  |p 3325512  |r 2025-04-22  |w 2019-11-19  |y BK  |k BCB 
952 |0 0  |1 0  |4 0  |6 547_000000000000000_HAR_1995  |7 0  |8 A  |9 253437  |a BIBCUR  |b BIBCUR  |d 2019-11-19  |i 3325520  |l 3  |o 547 HAR 1995  |p 3325520  |r 2025-04-22  |s 2023-10-17  |w 2019-11-19  |y BK  |k BCB 
952 |0 0  |1 0  |4 0  |6 547_000000000000000_HAR_1995  |7 0  |8 A  |9 253438  |a BIBCUR  |b BIBCUR  |d 2019-11-19  |i 3325539  |o 547 HAR 1995  |p 3325539  |r 2025-04-22  |w 2019-11-19  |y BK  |k BCB 
952 |0 0  |1 0  |4 0  |6 547_000000000000000_HAR_1995  |7 0  |8 A  |9 253439  |a BIBCUR  |b BIBCUR  |d 2019-11-19  |i 3325547  |l 1  |o 547 HAR 1995  |p 3325547  |r 2025-04-22  |s 2022-07-08  |w 2019-11-19  |y BK  |k BCB 
952 |0 0  |1 0  |4 0  |6 547_000000000000000_HAR_1995  |7 0  |8 A  |9 253440  |a BIBCUR  |b BIBCUR  |d 2019-11-19  |i 3325555  |l 1  |o 547 HAR 1995  |p 3325555  |r 2025-04-22  |s 2023-10-17  |w 2019-11-19  |y BK  |k BCB 
952 |0 0  |1 0  |4 0  |6 547_000000000000000_HAR_1995  |7 0  |8 A  |9 253442  |a BIBCUR  |b BIBCUR  |d 2019-11-19  |i 332558K  |l 1  |m 1  |o 547 HAR 1995  |p 332558K  |r 2025-04-22  |s 2022-08-17  |w 2019-11-19  |y BK  |k BCB 
952 |0 0  |1 0  |4 0  |6 547_000000000000000_HAR_1995  |7 0  |8 A  |9 253443  |a BIBCUR  |b BIBCUR  |d 2019-11-19  |i 3325598  |o 547 HAR 1995  |p 3325598  |r 2025-04-22  |w 2019-11-19  |y BK  |k BCB 
952 |0 0  |1 0  |4 0  |6 547_000000000000000_HAR_1995  |7 0  |8 A  |9 253444  |a BIBCUR  |b BIBCUR  |d 2019-11-19  |i 3325601  |o 547 HAR 1995  |p 3325601  |r 2025-04-22  |w 2019-11-19  |y BK  |k BCB 
952 |0 0  |1 0  |4 0  |6 547_000000000000000_HAR_1995  |7 0  |8 A  |9 253445  |a BIBCUR  |b BIBCUR  |d 2019-11-19  |i 332561K  |o 547 HAR 1995  |p 332561K  |r 2025-04-22  |w 2019-11-19  |y BK  |k BCB 
952 |0 0  |1 0  |4 0  |6 547_000000000000000_HAR_1995  |7 0  |8 A  |9 253446  |a BIBCUR  |b BIBCUR  |d 2019-11-19  |i 3325628  |o 547 HAR 1995  |p 3325628  |r 2025-04-22  |w 2019-11-19  |y BK  |k BCB 
952 |0 0  |1 0  |4 0  |6 547_000000000000000_HAR_1995  |7 0  |8 A  |9 253447  |a BIBCUR  |b BIBCUR  |d 2019-11-19  |i 3325644  |o 547 HAR 1995  |p 3325644  |r 2025-04-22  |w 2019-11-19  |y BK  |k BCB 
952 |0 0  |1 0  |4 0  |6 547_000000000000000_HAR_1995  |7 0  |8 A  |9 253448  |a BIBCUR  |b BIBCUR  |d 2019-11-19  |i 3325652  |l 2  |m 1  |o 547 HAR 1995  |p 3325652  |r 2025-04-22  |s 2022-11-15  |w 2019-11-19  |y BK  |k BCB 
952 |0 0  |1 0  |4 0  |6 547_000000000000000_HAR_1995  |7 0  |8 A  |9 253449  |a BIBCUR  |b BIBCUR  |d 2019-11-19  |i 3325660  |o 547 HAR 1995  |p 3325660  |r 2025-04-22  |w 2019-11-19  |y BK  |k BCB 
952 |0 0  |1 0  |4 0  |6 547_000000000000000_HAR_1995  |7 0  |8 A  |9 253451  |a BIBCUR  |b BIBCUR  |d 2019-11-19  |i 3325687  |l 3  |m 3  |o 547 HAR 1995  |p 3325687  |r 2025-04-22  |s 2024-04-22  |w 2019-11-19  |y BK  |k BCB 
952 |0 0  |1 0  |4 0  |6 547_000000000000000_HAR_1995  |7 0  |8 A  |9 253452  |a BIBCUR  |b BIBCUR  |d 2019-11-19  |i 3325695  |o 547 HAR 1995  |p 3325695  |r 2025-04-22  |w 2019-11-19  |y BK  |k BCB 
952 |0 0  |1 0  |4 0  |6 547_000000000000000_HAR_1995  |7 0  |8 A  |9 253453  |a BIBCUR  |b BIBCUR  |d 2019-11-19  |i 3325709  |o 547 HAR 1995  |p 3325709  |r 2025-04-22  |w 2019-11-19  |y BK  |k BCB 
952 |0 0  |1 0  |4 0  |6 547_000000000000000_HAR_1995  |7 0  |8 A  |9 253454  |a BIBCUR  |b BIBCUR  |d 2019-11-19  |i 3325717  |l 1  |o 547 HAR 1995  |p 3325717  |r 2025-04-22  |s 2023-10-24  |w 2019-11-19  |y BK  |k BCB 
952 |0 0  |1 0  |4 0  |6 547_000000000000000_HAR_1995  |7 0  |8 A  |9 253455  |a BIBCUR  |b BIBCUR  |d 2019-11-19  |i 3325725  |o 547 HAR 1995  |p 3325725  |r 2025-04-22  |w 2019-11-19  |y BK  |k BCB 
952 |0 0  |1 0  |4 0  |6 547_000000000000000_HAR_1995  |7 0  |8 A  |9 253456  |a BIBCUR  |b BIBCUR  |d 2019-11-19  |i 3325733  |l 3  |o 547 HAR 1995  |p 3325733  |r 2025-04-22  |s 2024-08-16  |w 2019-11-19  |y BK  |k BCB 
952 |0 0  |1 0  |4 0  |6 547_000000000000000_HAR_1995  |7 0  |8 A  |9 253457  |a BIBCUR  |b BIBCUR  |d 2019-11-19  |i 3325741  |o 547 HAR 1995  |p 3325741  |r 2025-04-22  |w 2019-11-19  |y BK  |k BCB 
952 |0 0  |1 0  |4 0  |6 547_000000000000000_HAR_1995  |7 0  |8 A  |9 253458  |a BIBCUR  |b BIBCUR  |d 2019-11-19  |i 332575K  |o 547 HAR 1995  |p 332575K  |r 2025-04-22  |w 2019-11-19  |y BK  |k BCB 
952 |0 0  |1 0  |4 0  |6 547_000000000000000_HAR_1995  |7 0  |8 A  |9 253459  |a BIBCUR  |b BIBCUR  |d 2019-11-19  |i 3325768  |l 1  |o 547 HAR 1995  |p 3325768  |r 2025-04-22  |s 2022-07-07  |w 2019-11-19  |y BK  |k BCB 
952 |0 0  |1 0  |4 0  |6 547_000000000000000_HAR_1995  |7 0  |8 A  |9 253460  |a BIBCUR  |b BIBCUR  |d 2019-11-19  |i 3325776  |o 547 HAR 1995  |p 3325776  |r 2025-04-22  |w 2019-11-19  |y BK  |k BCB 
952 |0 0  |1 0  |4 0  |6 547_000000000000000_HAR_1995  |7 0  |8 A  |9 253461  |a BIBCUR  |b BIBCUR  |d 2019-11-19  |i 3325784  |o 547 HAR 1995  |p 3325784  |r 2025-04-22  |w 2019-11-19  |y BK  |k BCB 
952 |0 0  |1 0  |4 0  |6 547_000000000000000_HAR_1995  |7 0  |8 A  |9 253462  |a BIBCUR  |b BIBCUR  |d 2019-11-19  |i 3325792  |o 547 HAR 1995  |p 3325792  |r 2025-04-22  |w 2019-11-19  |y BK  |k BCB 
952 |0 0  |1 0  |4 0  |6 547_000000000000000_HAR_1995  |7 0  |8 A  |9 253463  |a BIBCUR  |b BIBCUR  |d 2019-11-19  |i 3325806  |l 2  |o 547 HAR 1995  |p 3325806  |r 2025-04-22  |s 2023-11-22  |w 2019-11-19  |y BK  |k BCB 
952 |0 0  |1 0  |4 0  |6 547_000000000000000_HAR_1995  |7 0  |8 A  |9 253464  |a BIBCUR  |b BIBCUR  |d 2019-11-19  |i 3325814  |o 547 HAR 1995  |p 3325814  |r 2025-04-22  |w 2019-11-19  |y BK  |k BCB 
952 |0 0  |1 0  |4 0  |6 547_000000000000000_HAR_1995  |7 0  |8 A  |9 253465  |a BIBCUR  |b BIBCUR  |d 2019-11-19  |i 3325822  |o 547 HAR 1995  |p 3325822  |r 2025-04-22  |w 2019-11-19  |y BK  |k BCB 
952 |0 0  |1 0  |4 0  |6 547_000000000000000_HAR_1995  |7 0  |8 A  |9 253466  |a BIBCUR  |b BIBCUR  |d 2019-11-19  |i 3325830  |l 1  |m 1  |o 547 HAR 1995  |p 3325830  |r 2025-04-22  |s 2024-10-11  |w 2019-11-19  |y BK  |k BCB 
952 |0 0  |1 0  |4 0  |6 547_000000000000000_HAR_1995  |7 0  |8 A  |9 253467  |a BIBCUR  |b BIBCUR  |d 2019-11-19  |i 3325849  |l 6  |o 547 HAR 1995  |p 3325849  |r 2025-04-22  |s 2024-09-12  |w 2019-11-19  |y BK  |k BCB 
952 |0 0  |1 0  |4 0  |6 547_000000000000000_HAR_1995  |7 0  |8 A  |9 253468  |a BIBCUR  |b BIBCUR  |d 2019-11-19  |i 3325865  |l 1  |o 547 HAR 1995  |p 3325865  |r 2025-04-22  |s 2023-11-22  |w 2019-11-19  |y BK  |k BCB 
952 |0 0  |1 0  |4 0  |6 547_000000000000000_HAR_1995  |7 0  |8 A  |9 253469  |a BIBCUR  |b BIBCUR  |d 2019-11-19  |i 3325873  |o 547 HAR 1995  |p 3325873  |r 2025-04-22  |w 2019-11-19  |y BK  |k BCB 
952 |0 0  |1 0  |4 0  |6 547_000000000000000_HAR_1995  |7 0  |8 A  |9 253470  |a BIBCUR  |b BIBCUR  |d 2019-11-19  |i 3325881  |l 1  |m 1  |o 547 HAR 1995  |p 3325881  |r 2025-04-22  |s 2022-08-11  |w 2019-11-19  |y BK  |k BCB 
952 |0 0  |1 0  |4 0  |6 547_000000000000000_HAR_1995  |7 0  |8 A  |9 253471  |a BIBING  |b BIBING  |d 2019-11-19  |i 332589K  |o 547 HAR 1995  |p 332589K  |r 2025-01-20  |w 2019-11-19  |y BK  |k ING 
952 |0 0  |1 0  |4 0  |6 547_000000000000000_HAR_1995  |7 0  |8 A  |9 253472  |a BIBING  |b BIBING  |d 2019-11-19  |i 3325903  |o 547 HAR 1995  |p 3325903  |r 2025-01-20  |w 2019-11-19  |y BK  |k ING 
952 |0 0  |1 0  |4 0  |6 547_000000000000000_HAR_1995  |7 0  |8 A  |9 253473  |a BIBING  |b BIBING  |d 2019-11-19  |i 332592K  |o 547 HAR 1995  |p 332592K  |r 2025-01-20  |w 2019-11-19  |y BK  |k ING 
952 |0 0  |1 0  |4 0  |6 547_000000000000000_HAR_1995  |7 0  |8 A  |9 253475  |a BIBING  |b BIBING  |d 2019-11-19  |i 3325954  |o 547 HAR 1995  |p 3325954  |r 2023-03-02  |w 2019-11-19  |y BK  |k ING 
952 |0 0  |1 0  |4 0  |6 547_000000000000000_HAR_1995  |7 0  |8 A  |9 253476  |a BIBING  |b BIBING  |d 2019-11-19  |i 3325962  |o 547 HAR 1995  |p 3325962  |r 2025-01-20  |w 2019-11-19  |y BK  |k ING 
952 |0 0  |1 0  |4 0  |6 547_000000000000000_HAR_1995  |7 0  |8 A  |9 253477  |a BIBING  |b BIBING  |d 2019-11-19  |i 3325970  |o 547 HAR 1995  |p 3325970  |r 2025-01-20  |w 2019-11-19  |y BK  |k ING 
952 |0 0  |1 0  |4 0  |6 547_000000000000000_HAR_1995  |7 0  |8 A  |9 253478  |a BIBING  |b BIBING  |d 2019-11-19  |i 3325997  |o 547 HAR 1995  |p 3325997  |r 2025-01-20  |w 2019-11-19  |y BK  |k ING 
952 |0 0  |1 0  |4 0  |6 547_000000000000000_HAR_1995  |7 0  |8 A  |9 253479  |a BIBING  |b BIBING  |d 2019-11-19  |i 3326004  |o 547 HAR 1995  |p 3326004  |r 2025-01-20  |w 2019-11-19  |y BK  |k ING 
952 |0 0  |1 0  |4 0  |6 547_000000000000000_HAR_1995  |7 0  |8 A  |9 253480  |a BIBING  |b BIBING  |d 2019-11-19  |i 3326012  |o 547 HAR 1995  |p 3326012  |r 2025-01-20  |w 2019-11-19  |y BK  |k ING 
952 |0 0  |1 0  |4 0  |6 547_000000000000000_HAR_1995  |7 0  |8 A  |9 253481  |a BIBING  |b BIBING  |d 2019-11-19  |i 3326039  |o 547 HAR 1995  |p 3326039  |r 2025-01-20  |w 2019-11-19  |y BK  |k ING 
952 |0 0  |1 0  |4 0  |6 547_000000000000000_HAR_1995  |7 0  |8 A  |9 253482  |a BIBALI  |b BIBALI  |c RES  |d 2019-11-19  |i 3551369  |o 547 HAR 1995  |p 3551369  |r 2025-01-20  |w 2019-11-19  |y BK_R  |k ALI 
952 |0 0  |1 0  |4 0  |6 547_000000000000000_HAR_1995  |7 0  |8 A  |9 253483  |a BIBALI  |b BIBALI  |c RES  |d 2019-11-19  |i 3551377  |l 1  |o 547 HAR 1995  |p 3551377  |r 2025-01-20  |s 2023-10-19  |w 2019-11-19  |y BK_R  |k ALI 
952 |0 0  |1 0  |4 0  |6 547_000000000000000_HAR_1995  |7 0  |8 R  |9 253485  |a BIBALI  |b BIBALI  |d 2019-11-19  |i 3551393  |o 547 HAR 1995  |p 3551393  |r 2025-01-20  |w 2019-11-19  |y BK_R  |k ALI 
952 |0 0  |1 0  |4 0  |6 547_000000000000000_HAR_1995  |7 0  |8 A  |9 253486  |a BIBCUR  |b BIBCUR  |d 2019-11-19  |i 4288858  |o 547 HAR 1995  |p 4288858  |r 2025-04-22  |w 2019-11-19  |y BK  |k QUI